| 000 | 00348 a2200157 4500 | ||
|---|---|---|---|
| 001 | 161311 | ||
| 020 | _a | ||
| 040 | _cMagnum | ||
| 100 | _aCarvalho, Barbara Vasconcelos de | ||
| 240 | 1 | 0 |
_aUma avenida na floresta _lpor |
| 245 | 1 | 0 | _aUma avenida na floresta |
| 362 | 0 | _a1899 | |
| 440 | 1 | _aMelhoramentos | |
| 697 | _aIJ/ANIMAIS | ||
| 942 | _cBK | ||
| 999 |
_c161311 _d161311 |
||